000 00312nam a2200133 i 4500
001 bg
100 1 _aIvanov, Viktor Nikolaevič.
245 0 _aZza kierownicy samochodu /
_cW.N. Iwanow.
260 _aWarszawa,
_c1979.
040 _cBPK
041 _apol
942 _cKS
008 s pl f |000 0 pol
999 _c809
_d809
856 _uhttp://koha.tu.koszalin.pl/cgi-bin/koha/opac-detail.pl?biblionumber=809
_yKatalog online BPK